Music Quiz

Random Music or Album Quiz

Joni Mitchell Albums Quiz Stats

 Plays Quiz Updated Mar 30, 2020

Support Sporcle.
Go Orange.
Score 0/19 Timer 06:00
0 Plays Today
Year Album % Correct
1971Blue
93.9%
1974Court and Spark
69.8%
1970Ladies of the Canyon
63.6%
1976Hejira
63.1%
1969Clouds
59.7%
1975The Hissing of Summer Lawns
57.2%
1979Mingus
51.7%
1972For the Roses
50%
2000Both Sides Now
46.7%
1977Don Juan's Reckless Daughter
42.7%
Year Album % Correct
1968Song to a Seagull
41%
1985Dog Eat Dog
35.2%
2007Shine
34.5%
1994Turbulent Indigo
33.2%
1982Wild Things Run Fast
28.2%
1988Chalk Mark in a Rain Storm
27.5%
1991Night Ride Home
27.5%
2002Travelogue
26%
1998Taming the Tiger
26%

From the Vault

Entertaining Jumbles

by beforever

We always suspected the entertainment industry was pretty mixed up.
Remove Ads.
Support Sporcle.
Get the best of Sporcle when you Go Orange. This ad-free experience offers more features, more stats, and more fun while also helping to support Sporcle. Thank you for becoming a member.

Show Comments

Extras

Top Quizzes Today


Score Distribution

Your Account Isn't Verified!

In order to create a playlist on Sporcle, you need to verify the email address you used during registration. Go to your Sporcle Settings to finish the process.

Report this User

Report this user for behavior that violates our Community Guidelines.

Details: